Primenenije promyšlennych robotov

Salvato in:
Dettagli Bibliografici
Autore principale: Žalnerovič, Jevgenij Aleksandrovič
Altri autori: Titov, Anatolij Michajlovič, Fedosov, Aleksandr Ivanovič
Natura: Libro
Lingua:russo
Pubblicazione: Minsk Belarus' 1984
Tags: Aggiungi Tag
Nessun Tag, puoi essere il primo ad aggiungerne!!

MARC

LEADER 00000nam a2200000 4500
001 c114790
005 20041019155159.6
041 0 |a rus 
044 |a BY 
245 1 0 |a Primenenije promyšlennych robotov  |c Jevgenij Aleksandrovič Žalnerovič, Anatolij Michajlovič Titov i Aleksandr Ivanovič Fedosov 
264 1 |a Minsk  |b Belarus'  |c 1984 
300 |a 221 s. 
100 1 |a Žalnerovič, Jevgenij Aleksandrovič 
700 1 |a Titov, Anatolij Michajlovič 
700 1 |a Fedosov, Aleksandr Ivanovič